000 00249nam a2200109Ia 4500
008 190912s9999||||xx |||||||||||||| ||und||
100 _aGulnaar Afridi
245 0 _aTasha Gam
260 _aKarachi
_bUrdu Acadmy
_c2000
300 _a184
942 _cBK
999 _c7542
_d7542